MotoGP Season 2013 Race Winners - Statistics

General Stats
  • This quiz has been taken 8 times
  • The average score is 13 of 18
Answer Stats
Grand Prix Country Winner % Correct
United States Spain Marc Márquez
100%
Germany Spain Marc Márquez
100%
United States Spain Marc Márquez
100%
Indianapolis (USA) Spain Marc Márquez
100%
Czech Republic Spain Marc Márquez
100%
Aragon (Spain) Spain Marc Márquez
100%
Netherlands Italy Valentino Rossi
100%
Spain Spain Dani Pedrosa
67%
France Spain Dani Pedrosa
67%
Malaysia Spain Dani Pedrosa
67%
Qatar Spain Jorge Lorenzo
50%
Italy Spain Jorge Lorenzo
50%
Catalonia (Spain) Spain Jorge Lorenzo
50%
United Kingdom Spain Jorge Lorenzo
50%
San Marino Spain Jorge Lorenzo
50%
Australia Spain Jorge Lorenzo
50%
Japan Spain Jorge Lorenzo
50%
Valencia (Spain) Spain Jorge Lorenzo
50%
No matching quizzes found
Score Distribution
Percent of People with Each Score
Percentile by Number Answered
Your Score History
You have not taken this quiz